Projektové řízení modely, metody, analýzy

Enregistré dans:
Détails bibliographiques
Auteur principal: Fiala, Petr
Format: Livre
Langue:tchèque
Publié: Praha Professional Publishing 2004
Sujets:
Tags: Ajouter un tag
Pas de tags, Soyez le premier à ajouter un tag!

MARC

LEADER 00000nam$a2200000$$$4500
001 0019331
005 20240306141617.4
020 |a 80-86419-24-X 
041 0 |a cze 
044 |a CZ 
245 1 0 |a Projektové řízení  |b modely, metody, analýzy  |c Petr Fiala 
264 1 |a Praha  |b Professional Publishing  |c 2004 
300 |a 276 s. 
610 2 0 |a riadenie projektové 
610 2 0 |a projekty 
610 2 0 |a riadenie znalostí 
610 2 0 |a plánovanie projektové 
610 2 0 |a kontrola 
610 2 0 |a optimalizácia 
610 2 0 |a teória grafov 
100 1 |a Fiala, Petr